Bharatiya senabahini aru lekhikar byaktigata abhigyata (Record no. 10357)

MARC details
000 -LEADER
fixed length control field 00498cam a2200181ua 4500
008 - FIXED-LENGTH DATA ELEMENTS--GENERAL INFORMATION
fixed length control field 190930n ii |||gr||||Z||||||asm
040 ## - CATALOGING SOURCE
Transcribing agency MAIN
082 ## - DEWEY DECIMAL CLASSIFICATION NUMBER
Classification number 355
100 ## - MAIN ENTRY--PERSONAL NAME
Personal name Sandhya Rani Dutta Kakoti,
Relator term
245 ## - TITLE STATEMENT
Title Bharatiya senabahini aru lekhikar byaktigata abhigyata
Statement of responsibility, etc. By Sandhya Rani Dutta Kakoti
250 ## - EDITION STATEMENT
Edition statement 1st ed.
260 ## - PUBLICATION, DISTRIBUTION, ETC.
Place of publication, distribution, etc. Guwahati:
Name of publisher, distributor, etc. Assam book trust,
Date of publication, distribution, etc. 2016.
300 ## - PHYSICAL DESCRIPTION
Extent 296p.
942 ## - ADDED ENTRY ELEMENTS (KOHA)
Koha item type Books
653 ## - INDEX TERM--UNCONTROLLED
Uncontrolled term Military science
653 ## - INDEX TERM--UNCONTROLLED
Uncontrolled term Indian Army
Holdings
Withdrawn status Lost status Damaged status Not for loan Home library Current library Shelving location Date acquired Total Checkouts Full call number Barcode Date last seen Copy number Price effective from Koha item type
        Naharkatiya College Library Naharkatiya College Library General Stacks 19/09/2020   355 | KAK 27819 19/09/2020 1 19/09/2020 Books
        Naharkatiya College Library Naharkatiya College Library General Stacks 19/09/2020   355 | KAK 27820 19/09/2020 2 19/09/2020 Books

Naharkatiya College © 2020. All rights reserved.

Powered By